LEADER 00941nam a2200193 i 4500 001 000000258983 003 CaOOAMICUS 005 20231117144959.0 008 180625s1831 it u000 u ita u 013 $a237891 040 $aSeMil$bita 100 1 $aBerzelius, Jöns Jakob,$d<1779-1848>.$0(OLS)http://semarc/name/89889 245 10$aTomo 2. P. 1. Chimica-minerale. 300 $a479 p., 2 carte di tav. ripieg. :$bill. 773 0 $aBerzelius, Jöns Jakob <1779-1848>$tTrattato di chimica di J.J. Berzelius tradotto a Parigi per A.J.L. Jourdan sui manoscritti inediti dell'autore e sull'ultima edizione tedesca recato in italiano da F. Du Pré ... Tomo 1. P. 1. [-4. P. 2.].$dVenezia : Gius. Antonelli, 1830-1834.$g2$w()13125 850 $aSeMil 852 $aSeMil$W1$xVenegono$y1$m3W III 65 FA$j209328$B209328$CSeMilBibl$Z2$F222991 $8I 996 $6245$aTomo 2. P. 1. Chimica-minerale$9(OLS)http://semarc/title/413847 LEADER 00926nam a2200229 i 4500 001 000000164612 003 CaOOAMICUS 005 20260320094847.0 008 070920s1946 it u000 u ita u 040 $aSeMil$bita 100 1 $aVerga, Giovanni,$d<1840-1922>.$0(OLS)http://semarc/name/3542 245 10$aEros ; Il marito di Elena :$bromanzi /$cGiovanni Verga. 260 $a[Milano] :$bArnoldo Mondadori Editore,$c1946. 300 $a357 p. ;$c20 cm. 490 1 $aLe opere di Giovanni Verga 830 3$aLe opere di Giovanni Verga.$0(OLS)http://semarc/title/9074 850 $aSeMil 852 $aSeMil$W1$xVenegono$y1$m1B II 377$j240114$B115845$CSeMilBibl$Z2$F126694 $81 961 $aRecupero: Altro 996 $6245$aEros ; Il marito di Elena :$bromanzi$9(OLS)http://semarc/title/234864 996 $6260$a[Milano] :$bArnoldo Mondadori Editore$9(OLS)http://semarc/publisher/29634